<?xml version="1.0" encoding="UTF-8"?>
<record
    xmlns:xsi="http://www.w3.org/2001/XMLSchema-instance"
    xsi:schemaLocation="http://www.loc.gov/MARC21/slim http://www.loc.gov/standards/marcxml/schema/MARC21slim.xsd"
    xmlns="http://www.loc.gov/MARC21/slim">

  <leader>01274nam1a22002771i 4500</leader>
  <controlfield tag="001">rc\2994774</controlfield>
  <controlfield tag="005">20240725225606.0</controlfield>
  <datafield tag="035" ind1=" " ind2=" ">
    <subfield code="a">(NLR Aleph) 007138559</subfield>
  </datafield>
  <datafield tag="090" ind1=" " ind2=" ">
    <subfield code="a">7031953</subfield>
    <subfield code="c">7031953</subfield>
  </datafield>
  <datafield tag="100" ind1=" " ind2=" ">
    <subfield code="a">20090407d1936    |||y0rusy50      ca</subfield>
  </datafield>
  <datafield tag="101" ind1="0" ind2=" ">
    <subfield code="a">rus</subfield>
  </datafield>
  <datafield tag="102" ind1=" " ind2=" ">
    <subfield code="a">RU</subfield>
  </datafield>
  <datafield tag="105" ind1=" " ind2=" ">
    <subfield code="a">y   z   ||||y</subfield>
  </datafield>
  <datafield tag="200" ind1="1" ind2=" ">
    <subfield code="a">&#x41E;&#x431; &#x438;&#x441;&#x43A;&#x443;&#x441;&#x441;&#x442;&#x432;&#x435;</subfield>
    <subfield code="e">&#x422;. I-</subfield>
    <subfield code="f">&#x414;&#x435;&#x43D;&#x438; &#x414;&#x438;&#x434;&#x440;&#x43E;</subfield>
    <subfield code="g">&#x413;&#x43E;&#x441;. &#x438;&#x43D;-&#x442; &#x438;&#x441;&#x43A;&#x443;&#x441;&#x441;&#x442;&#x432;&#x43E;&#x437;&#x43D;&#x430;&#x43D;&#x438;&#x44F;</subfield>
  </datafield>
  <datafield tag="210" ind1=" " ind2=" ">
    <subfield code="a">&#x41B;&#x435;&#x43D;&#x438;&#x43D;&#x433;&#x440;&#x430;&#x434;</subfield>
    <subfield code="a">&#x41C;&#x43E;&#x441;&#x43A;&#x432;&#x430;</subfield>
    <subfield code="c">&#x418;&#x441;&#x43A;&#x443;&#x441;&#x441;&#x442;&#x432;&#x43E;</subfield>
    <subfield code="d">1936</subfield>
    <subfield code="e">[&#x41B;&#x435;&#x43D;&#x438;&#x43D;&#x433;&#x440;&#x430;&#x434;]</subfield>
    <subfield code="g">&#x422;&#x438;&#x43F;. &#x438;&#x43C;. &#x412;&#x43E;&#x43B;&#x43E;&#x434;&#x430;&#x440;&#x441;&#x43A;&#x43E;&#x433;&#x43E;</subfield>
  </datafield>
  <datafield tag="215" ind1=" " ind2=" ">
    <subfield code="d">17&#x445;13 &#x441;&#x43C;</subfield>
  </datafield>
  <datafield tag="300" ind1=" " ind2=" ">
    <subfield code="a">&#x41F;&#x435;&#x440;&#x435;&#x43F;&#x43B;&#x435;&#x442; &#x438; &#x442;&#x438;&#x442;&#x443;&#x43B;&#x430;: &#x41D;.&#x41C;. &#x41B;&#x43E;&#x431;&#x430;&#x43D;&#x43E;&#x432;</subfield>
  </datafield>
  <datafield tag="327" ind1="0" ind2=" ">
    <subfield code="a">&#x412;&#x441;&#x442;&#x443;&#x43F;. &#x441;&#x442;&#x430;&#x442;&#x44C;&#x44F;: "&#x414;&#x435;&#x43D;&#x438; &#x414;&#x438;&#x434;&#x440;&#x43E; &#x43A;&#x430;&#x43A; &#x442;&#x435;&#x43E;&#x440;&#x435;&#x442;&#x438;&#x43A; &#x438; &#x43A;&#x440;&#x438;&#x442;&#x438;&#x43A; &#x438;&#x437;&#x43E;&#x438;&#x441;&#x43A;&#x443;&#x441;&#x441;&#x442;&#x432;&#x430;". &#x410;.&#x421;. &#x413;&#x443;&#x449;&#x438;&#x43D;</subfield>
  </datafield>
  <datafield tag="464" ind1=" " ind2="0">
    <subfield code="1">2001#$a&#x414;&#x435;&#x43D;&#x438; &#x414;&#x438;&#x434;&#x440;&#x43E; &#x43A;&#x430;&#x43A; &#x442;&#x435;&#x43E;&#x440;&#x435;&#x442;&#x438;&#x43A; &#x438; &#x43A;&#x440;&#x438;&#x442;&#x438;&#x43A; &#x438;&#x437;&#x43E;&#x438;&#x441;&#x43A;&#x443;&#x441;&#x441;&#x442;&#x432;&#x430;</subfield>
    <subfield code="1">700#1$a&#x413;&#x443;&#x449;&#x438;&#x43D;$b&#x410;.&#x421;.$4070</subfield>
    <subfield code="t">&#x414;&#x435;&#x43D;&#x438; &#x414;&#x438;&#x434;&#x440;&#x43E; &#x43A;&#x430;&#x43A; &#x442;&#x435;&#x43E;&#x440;&#x435;&#x442;&#x438;&#x43A; &#x438; &#x43A;&#x440;&#x438;&#x442;&#x438;&#x43A; &#x438;&#x437;&#x43E;&#x438;&#x441;&#x43A;&#x443;&#x441;&#x441;&#x442;&#x432;&#x430;</subfield>
    <subfield code="a">&#x413;&#x443;&#x449;&#x438;&#x43D;, &#x410;.&#x421;.</subfield>
  </datafield>
  <datafield tag="700" ind1=" " ind2="1">
    <subfield code="a">&#x414;&#x438;&#x434;&#x440;&#x43E;</subfield>
    <subfield code="b">&#x414;.</subfield>
    <subfield code="f">1713-1784</subfield>
    <subfield code="g">&#x414;&#x435;&#x43D;&#x438;</subfield>
  </datafield>
  <datafield tag="702" ind1=" " ind2="1">
    <subfield code="a">&#x41B;&#x43E;&#x431;&#x430;&#x43D;&#x43E;&#x432;</subfield>
    <subfield code="b">&#x41D;.&#x41C;.</subfield>
    <subfield code="4">570</subfield>
  </datafield>
  <datafield tag="702" ind1=" " ind2="1">
    <subfield code="a">&#x413;&#x443;&#x449;&#x438;&#x43D;</subfield>
    <subfield code="b">&#x410;.&#x421;.</subfield>
    <subfield code="4">570</subfield>
  </datafield>
  <datafield tag="801" ind1=" " ind2="0">
    <subfield code="a">RU</subfield>
    <subfield code="b">NLR</subfield>
    <subfield code="g">psbo</subfield>
  </datafield>
  <datafield tag="801" ind1=" " ind2="1">
    <subfield code="a">RU</subfield>
    <subfield code="b">ELAR</subfield>
    <subfield code="2">rusmarc</subfield>
  </datafield>
  <datafield tag="852" ind1=" " ind2=" ">
    <subfield code="a">NLR</subfield>
    <subfield code="j">36-16/70</subfield>
  </datafield>
  <datafield tag="942" ind1=" " ind2=" ">
    <subfield code="c">BOOK</subfield>
  </datafield>
</record>
